Library of the University of Algiers 3
Ibrahim Sultan Cheibout
شعار جامعة الجزائر 3
مكتبة جامعة الجزائر 3
إبراهيم سلطان شيبوط

تقنيات مراقبة التسير : (رقم التسجيلة. 42837)

تفاصيل مارك
000 -LEADER
fixed length control field 01229nam a2200205Ia 4500
003 - CONTROL NUMBER IDENTIFIER
control field Ost
005 - DATE AND TIME OF LATEST TRANSACTION
control field 20260507075109.0
008 - FIXED-LENGTH DATA ELEMENTS--GENERAL INFORMATION
fixed length control field 260507s9999||||xx |||||||||||||| ||und||
020 ## - INTERNATIONAL STANDARD BOOK NUMBER
International Standard Book Number x159961927
040 ## - CATALOGING SOURCE
Transcribing agency fsecg
041 ## - LANGUAGE CODE
Language code of text/sound track or separate title ara
082 ## - DEWEY DECIMAL CLASSIFICATION NUMBER
Classification number 330
100 ## - MAIN ENTRY--PERSONAL NAME
Personal name عدون، ناصر دادي
Relator term مؤلف
245 #0 - TITLE STATEMENT
Title تقنيات مراقبة التسير :
Remainder of title محاسبة تحليلية /
Statement of responsibility, etc. ناصر دادي عدون
260 ## - PUBLICATION, DISTRIBUTION, ETC.
Place of publication, distribution, etc. الجزائر:
Name of publisher, distributor, etc. دار المحمدية العامة,
Date of publication, distribution, etc. 1999
300 ## - PHYSICAL DESCRIPTION
Extent 285 صفحة؛
Other physical details جداول
Dimensions 23 سم
520 ## - SUMMARY, ETC.
Summary, etc. تجد في هذا الكتاب ما يلي : محاسبة تحليلية الفصل الأول طريقة التكاليف الحقيقية الفصل الثاني محاسبة المواد الفصل الثالث ملحق عن تكاليف الانتاج الحقيقية الفصل الرابع طريقة التكميل العقلاني للتكاليف الثابتة الفصل الخامس : طريقة التكاليف المتغيرة الفصل السادس طريقة التكاليف المعيارية الفصل السابع طريقة التكاليف الهامشية
653 ## - INDEX TERM--UNCONTROLLED
Uncontrolled term محاسبة مالية
942 ## - ADDED ENTRY ELEMENTS (KOHA)
Koha item type كتب
المقتنيات
Withdrawn status Lost status Source of classification or shelving scheme Damaged status Not for loan Home library Current library Date acquired Serial enumeration / chronology Inventory number Total checkouts Full call number Barcode Date last seen Price effective from Koha item type
    Dewey Decimal Classification   Available مكتبة كلية العلوم الإقتصادية والعلوم التجارية وعلوم التسيير مكتبة كلية العلوم الإقتصادية والعلوم التجارية وعلوم التسيير 07/05/2026 الطابق الأرضي 1/2/1410   أ/1410ج2ن1 1/2/1410 07/05/2026 07/05/2026 كتب
    Dewey Decimal Classification   Available مكتبة كلية العلوم الإقتصادية والعلوم التجارية وعلوم التسيير مكتبة كلية العلوم الإقتصادية والعلوم التجارية وعلوم التسيير 07/05/2026 الطابق الثاني 2/2/1410   أ/1410ج2ن2 2/2/1410 07/05/2026 07/05/2026 كتب
    Dewey Decimal Classification   NOT LOAN / إعارة داخلية مكتبة كلية العلوم الإقتصادية والعلوم التجارية وعلوم التسيير مكتبة كلية العلوم الإقتصادية والعلوم التجارية وعلوم التسيير 07/05/2026 الطابق الأرضي 025.21/61   أ/1410ج2ن3 025.21/61 07/05/2026 07/05/2026 كتب

موارد الويب المفتوحة


© University of Algiers 3 All Rights Reserved
|
Implemented by LECHELAH Riad